000 00481nam a2200181Ia 4500
003 OSt
005 20240924093615.0
008 210210b1954 xxu||||| |||| 00| 0 eng d
040 _cAL
041 _akan
082 _a859/2152
100 _aSITARAMA SHASTRI
_9158272
_dಸೀತಾರಾಮ ಶಾಸ್ತ್ರಿ
245 _aBrandavana:
_bಬೃಂದಾವನ
260 _aBengaluru
_b-
_c1954
690 _aKannada Fiction
_9158273
906 _a022865
942 _2ddc
_cBK
999 _c147561
_d147561